01317nam a2200349 a 4500001001200000003000800012006001900020007001500039008004100054010001700095020002600112020002600138020002500164020002500189020002700214040002100241035002100262050002500283082001600308100004600324245008100370260005300451300002400504504005100528533015200579650002000731650002500751655002900776710001700805856012600822999001900948ebr10494622CaPaEBRm u cr cn|||||||||110323s2011 maua sb 001 0 eng d z 2011007713 z9781118065679 (cloth) z9781118092972 (oBook) z9781118092996 (ePDF) z9781118092989 (ePub) z9781118092996 (e-book) aCaPaEBRcCaPaEBR a(OCoLC)75739562714aQA274.8b.I24 2011eb04a519.2/22221 aIbe, Oliver C.q(Oliver Chukwudi),d1947-10aFundamentals of stochastic networksh[electronic resource] /cOliver C. Ibe. aLowell, Mass. :bJohn Wiley & Sons Inc.,cc2011. axii, 295 p. :bill. aIncludes bibliographical references and index. aElectronic reproduction.bPalo Alto, Calif. :cebrary,d2011.nAvailable via World Wide Web.nAccess may be limited to ebrary affiliated libraries. 0aQueuing theory. 0aStochastic analysis. 7aElectronic books.2local2 aebrary, Inc.40uhttp://site.ebrary.com/lib/rucke/Doc?id=10494622zAn electronic book accessible through the World Wide Web; click to view c129920d129920